Statistics for All Formula One drivers of the 21st century

Click here to take the quiz!

General Stats

  • This quiz has been taken 449 times
    (285 since last reset)
  • The average score is 61 of 112

Answer Stats

Years Active Grand Prixs Driver % Correct
2000-2006, 2010-2012180Michael Schumacher
97%
2007-2019234Lewis Hamilton
97%
2000-2007131Ralf Schumacher
96%
2007-2019224Sebastian Vettel
96%
2001, 2003-2018312Fernando Alonso
96%
2001-2009, 2012-2019297Kimi Räikkönen
96%
2002, 2004-2017269Felipe Massa
91%
2010, 2012-2019161Nico Hülkenberg
90%
2000-2017305Jenson Button
90%
2006-2016206Nico Rosberg
89%
2011-2019160Sergio Pérez
88%
2006-2010, 201981Robert Kubica
88%
2015-201986Max Verstappen
88%
2000-2001, 200350Jos Verstappen
87%
2013-2019123Valtteri Bottas
87%
2018-201926Charles Leclerc
86%
2000-2011210Rubens Barrichello
86%
2002-2013215Mark Webber
85%
2011-2019155Daniel Ricciardo
85%
2009, 2012-2019148Romain Grosjean
85%
2015-201986Carlos Sainz
80%
2014-2017, 201977Daniil Kvyat
79%
2014, 2016-201986Kevin Magnussen
79%
2000-2008156David Coulthard
79%
2000-2009172Giancarlo Fisichella
78%
2017-201946Lance Stroll
78%
2000-2011208Jarno Trulli
76%
20195Alexander Albon
74%
2017-201931Pierre Gasly
74%
20195Lando Norris
74%
2000-200133Mika Häkkinen
73%
20195George Russell
73%
2007-2013111Heikki Kovalainen
73%
2016-201850Esteban Ocon
72%
2011-201595Pastor Maldonado
72%
2001-200694Juan-Pablo Montoya
71%
2014-201897Marcus Ericsson
69%
2000-2011183Nick Heidfeld
68%
2017, 20197Antonio Giovinazzi
68%
2000-200698Jacques Villeneuve
67%
2009-2012, 201475Kamui Kobayashi
66%
2007-2011, 2013-2014128Adrian Sutil
66%
2010-201246Bruno Senna
65%
2013-201434Jules Bianchi
64%
2000-2002, 2005-2006, 2010-201289Pedro De La Rosa
61%
2002-200890Takuma Sato
60%
2010-201257Vitaly Petrov
60%
2016-201841Stoffel Vandoorne
59%
2004, 2008-201291Timo Glock
59%
201821Sergey Sirotkin
58%
2008-200928Nelsinho Piquet
58%
2016-201739Pascal Wehrlein
56%
2009-201155Sébastien Buemi
55%
2012-201458Jean-Éric Vergne
55%
2000-200250Eddie Irvine
54%
2011-2013, 201759Paul Di Resta
53%
2017-201825Brendon Hartley
52%
2000-200359Heinz-Harald Frentzen
52%
2000, 2005, 200734Alexander Wurz
50%
2013-2014, 201659Esteban Gutiérrez
49%
2016-201735Jolyon Palmer
48%
2005-2007, 2009-201180Vitantonio Liuzzi
47%
2000-200134Jean Alesi
46%
2012-201339Charles Pic
46%
2005, 2011-201246Narain Karthikeyan
46%
2006-200728Scott Speed
46%
2004-2006, 201049Christian Klien
45%
2008-200927Sébastien Bourdais
44%
20092Luca Badoer
44%
2015-201639Felipe Nasr
43%
2000, 200233Mika Salo
43%
2001-200467Olivier Panis
43%
2007-200936Kazuki Nakajima
42%
2009-201146Jaime Alguersuari
42%
2013-201435Max Chilton
42%
200017Johnny Herbert
39%
2010-201111Karun Chandhok
37%
2005-200637Tiago Monteiro
37%
20155Alexander Rossi
36%
201018Lucas Di Grassi
36%
2014-201518Will Stevens
35%
201612Rio Haryanto
34%
20071Markus Winkelhock
33%
201319Giedo Van Der Garde
33%
2000, 2003-200420Marc Gené
32%
2001-200214Alex Yoong
32%
2005-200746Christijan Albers
31%
20064Yuji Ide
31%
2002, 2005, 2007-200824Anthony Davidson
30%
20141André Lotterer
30%
2006-2007, 201021Sakon Yamamoto
30%
2011-201220Jérôme D'Ambrosio
30%
201513Roberto Merhi
29%
2003-200420Zsolt Baumgartner
29%
2000-2001, 200424Ricardo Zonta
29%
2003-200520Antonio Pizzonia
26%
2003-200428Cristiano Da Matta
26%
200016Pedro Diniz
25%
200216Allan McNish
24%
200316Justin Wilson
24%
2005-200611Robert Doornbos
23%
200314Ralph Firman
23%
2000-200115Luciano Burti
22%
2000-200121Gaston Mazzacane
20%
2001-200228Enrique Bernoldi
20%
20013Tomáš Enge
20%
200511Patrick Friesacher
19%
200113Tarso Marques
19%
200414Giorgio Pantano
19%
20067Franck Montagny
18%
200418Gianmaria Bruni
17%
20035Nicolas Kiesa
15%

Score Distribution

Percentile by Number Answered

Percent of People with Each Score

Your Score History

You have not taken this quiz since the last reset